000 00615nam a22002057a 4500
999 _c6257
_d6257
003 AR-CdUCM
008 190314b ||||| |||| 00| 0 spa d
040 _aMUNICIPALIDAD PROVINCIAL DEL CUSCO
_cBIBLIOTECA MUNICIPAL DEL CUSCO
082 _a869.57 /
_bY81
100 _aYauri, Iván
_917127
245 _aViento de Fuego /
260 _aCusco-Perú :
_bHipocampo Editores ;
_c2007.
300 _a43 páginas ;
_c20cm
505 _aContenido: Poesía
650 _aPoesía andina
_918001
650 _aPoesía cusqueña
_92323
650 _aLiteratura cusqueña
_910596
942 _2ddc
_cLIBROS
945 _anom